Every 50k+ city in Tunisia on a map - Statistics

General Stats
  • This quiz has been taken 7 times
  • The average score is 10 of 52
Answers on the Map
Answers color-coded by a green-red scale on the quiz's map according to % correct below.
 
Answer Stats
Population City % Correct
306k Sousse
100%
623k Tunis
100%
177k Bizerte
86%
294k Sfax
86%
112k Gabès
71%
173k Kairouan
71%
111k Gafsa
57%
141k Ariana
43%
96k Kasserine
43%
132k Monastir
43%
93k Djerba Houmt Souk
29%
85k La Goulette
29%
78k Tataouine
29%
69k Béja
14%
110k Ben Arous
14%
80k Ben Gardane
14%
51k El Aïn
14%
52k El Hamma
14%
89k Hammamet
14%
67k Kef
14%
117k La Marsa
14%
102k Le Kram
14%
87k Médenine
14%
64k Menzel Bourguiba
14%
95k Nabeul
14%
75k Zarzis
14%
64k Bou Mhel El Bassatine
0%
52k Dar Châabane El Fehri
0%
85k Djerba Midoun
0%
93k Douar Hicher
0%
144k El Mourouj
0%
93k Ettadhamen
0%
65k Fouchana
0%
56k Hammam Sousse
0%
64k Jemmal
0%
65k Kalâa Kebira
0%
53k Kalâa Seghira
0%
52k Kélibia
0%
65k Ksar Hellal
0%
211k La Soukra
0%
74k Le Bardo
0%
60k Mahdia
0%
96k Mnihla
0%
104k Mohamedia
0%
71k Moknine
0%
66k M’saken
0%
75k Oued Ellil
0%
88k Radès
0%
198k Raoued
0%
66k Sakiet Ezzit
0%
61k Sidi Bouzid
0%
167k Sidi Hassine
0%
No matching quizzes found
Score Distribution
Percent of People with Each Score
Percentile by Number Answered
Your Score History
You have not taken this quiz